U.S. General Knowledge #27 - Statistics

General Stats
  • This quiz has been taken 19,742 times
  • The average score is 11 of 20
Answer Stats
Question Answer % Correct
What city is considered to be America's country music capital? Nashville
92%
Which deadly sin is one most likely to commit on Thanksgiving? Gluttony
83%
Who is the oldest person to serve as U.S. President? Joe Biden
77%
What is either a tall tale or something you can order at Burger King? a Whopper
76%
What TV show starred Kim Cattrall and Sarah Jessica Parker? Sex and the City
65%
Who said "I pity the fool"? Mr. T
64%
What musical, created by Lin-Manuel Miranda, won eleven awards at the 2016 Tonys? Hamilton
62%
What company has the largest market share in the American baby food market? Gerber
61%
What 1960s TV show was eerily similar to "The Munsters"? The Addams Family
60%
What sporting event is held on New Year's Day in Pasadena, California? The Rose Bowl
60%
What two words were added to the U.S. Pledge of Allegiance in 1954? Under God
57%
What was the profession of Lincoln's assassin, John Wilkes Booth? Actor
56%
What does HBO stand for? Home Box Office
52%
What flavor of Ben & Jerry's ice cream is named after a member of "The Grateful Dead"? Cherry Garcia
44%
What was the name of the tanker that spilled oil in Prince William Sound in 1989? Exxon Valdez
40%
In what state would you find Hot Springs National Park? Arkansas
38%
What fictional winter holiday involves a steel pole, airing of grievances, and feats of strength? Festivus
34%
What can't the government do in your house due to the Third Amendment? Quarter troops
32%
You'll find 5 in Los Angeles, 90 in Boston, and 70 in Denver. What are they? Interstate Highways
28%
East of the Mississippi, they start with W. West of the Mississippi they start with K. What are they? Radio call signs
25%
No matching quizzes found
Score Distribution
Percent of People with Each Score
Percentile by Number Answered
Your Score History
You have not taken this quiz